000 01017nam0a22002531 4500
001 rc\368256
005 20030307123621.2
035 _a(NLR Aleph) 005599127
090 _a6293826
_c6293826
100 _a20030307d1989 u |0rusy50 ca
101 0 _arus
102 _aRU
105 _aa |||||||||
200 1 _aСовершенствование технической эксплуатации и ремонта автомобилей
_eСб. науч. тр.
_fКараганд. политехн. ин-т
_g[Редкол.: Т.С. Интыков (отв. ред.) и др.]
210 _aКараганда
_cКарПТИ
_d1989
215 _a75 с.
_cил.
_d20
320 _aБиблиогр. в конце ст.
702 1 _aИнтыков
_bТ. С.
_gТокмирза Смагулович
_4340
712 0 2 _aКарагандинский политехнический ин-т
_3RU\NLR\AUTH\889933246
801 0 _aRU
_bNLR
_gpsbo
801 1 _aRU
_bELAR
_2rusmarc
852 _aNLR
_j91-4/4365
942 _cBOOK
980 _aNB